Spelled Like Chad Quiz Stats

 Plays Quiz Updated Jul 2, 2018

Challenge
Share
Tweet
Embed
Score 0/40 Timer 07:00
3 Plays Today
% Correct
China
88.2%
China
88.2%
Canada
87.2%
Chile
81.4%
Chile
81.4%
Colombia
75.8%
Cambodia
75.1%
Cameroon
72.4%
Czechia
70.1%
Croatia
65.3%
Cuba
64.4%
Comoros
64%
Costa Rica
60.3%
Thailand
59.5%
Thailand
59.5%
France
57.4%
Cyprus
57.1%
Spain
53.9%
Bhutan
53.5%
Ghana
53%
% Correct
Ghana
53%
Central African Republic
51%
Brazil
50.2%
Cabo Verde
49.8%
Cote d'Ivoire
45.5%
Italy
43.5%
Iran
42%
Iraq
41.8%
Philippines
37%
Sweden
32.1%
Oman
31.4%
Guatemala
31.4%
Rwanda
31.4%
Uganda
27.6%
Honduras
26.3%
Jordan
23.8%
Saudi Arabia
23.6%
Myanmar
22.2%
Moldova
18.6%
Maldives
15.6%

You're not logged in!

Compare scores with friends on all Sporcle quizzes.
OR
Log In

You Might Also Like...

Show Comments

Extras

Top Quizzes Today


Score Distribution

Your Account Isn't Verified!

In order to create a playlist on Sporcle, you need to verify the email address you used during registration. Go to your Sporcle Settings to finish the process.

Report this User

Report this user for behavior that violates our Community Guidelines.

Details: